BATU DAN MINERAL : (Record no. 173151)
[ view plain ]
| 000 -LEADER | |
|---|---|
| fixed length control field | 01761pam a2200517 i 4500 |
| 001 - CONTROL NUMBER | |
| control field | vtls000757530 |
| 003 - CONTROL NUMBER IDENTIFIER | |
| control field | PNM |
| 005 - DATE AND TIME OF LATEST TRANSACTION | |
| control field | 20190624163503.0 |
| 008 - FIXED-LENGTH DATA ELEMENTS--GENERAL INFORMATION | |
| fixed length control field | 141111t20152010my a g 001 0 may |
| 015 ## - NATIONAL BIBLIOGRAPHY NUMBER | |
| National bibliography number | M15-03863 |
| 020 ## - INTERNATIONAL STANDARD BOOK NUMBER | |
| International Standard Book Number | 9789670798288 |
| Qualifying information | paperback |
| Terms of availability | RM25.00 |
| 039 #9 - LEVEL OF BIBLIOGRAPHIC CONTROL AND CODING DETAIL [OBSOLETE] | |
| Level of rules in bibliographic description | 201510011635 |
| Level of effort used to assign nonsubject heading access points | azeantie |
| Level of effort used to assign subject headings | 201506241042 |
| Level of effort used to assign classification | aidayas |
| Level of effort used to assign subject headings | 201505111602 |
| Level of effort used to assign classification | amy_z |
| Level of effort used to assign subject headings | 201504010824 |
| Level of effort used to assign classification | norsyahiza |
| 040 ## - CATALOGING SOURCE | |
| Original cataloging agency | BNM |
| Language of cataloging | eng |
| Transcribing agency | BNM |
| Modifying agency | PPAK |
| Description conventions | rda |
| 049 ## - LOCAL HOLDINGS (OCLC) | |
| Holding library | klpmal |
| 082 04 - DEWEY DECIMAL CLASSIFICATION NUMBER | |
| Classification number | 552 |
| Edition number | 23 |
| 090 00 - LOCALLY ASSIGNED LC-TYPE CALL NUMBER (OCLC); LOCAL CALL NUMBER (RLIN) | |
| Classification number (OCLC) (R) ; Classification number, CALL (RLIN) (NR) | 552 |
| Feature heading | GRE |
| Feature heading | K |
| 100 1# - MAIN ENTRY--PERSONAL NAME | |
| Personal name | Green, Dan, |
| Relator term | author. |
| 245 10 - TITLE STATEMENT | |
| Title | BATU DAN MINERAL : |
| Remainder of title | BAHAN BACAAN YANG SANGAT BERHARGA! / |
| Statement of responsibility, etc. | DAN GREEN ; Penterjemah : Ani Izzuani Mohd Kassim, Nur Ain Hafiza Mat Jusoh |
| 246 33 - VARYING FORM OF TITLE | |
| Display text | Translation of : |
| Title proper/short title | Rocks and mineral : a gem of a read! |
| 264 #1 - PRODUCTION, PUBLICATION, DISTRIBUTION, MANUFACTURE, AND COPYRIGHT NOTICE | |
| Place of production, publication, distribution, manufacture | Kuala Lumpur : |
| Name of producer, publisher, distributor, manufacturer | Institut Terjemahan & Buku Malaysia, |
| Date of production, publication, distribution, manufacture, or copyright notice | 2015 |
| Date of production, publication, distribution, manufacture, or copyright notice | ©2010 |
| 300 ## - PHYSICAL DESCRIPTION | |
| Extent | 128 pages : |
| Other physical details | colour illustrations ; |
| Dimensions | 13 cm. |
| 336 ## - CONTENT TYPE | |
| Content type term | text |
| Source | rdacontent |
| 337 ## - MEDIA TYPE | |
| Media type term | unmediated |
| Source | rdamedia |
| 338 ## - CARRIER TYPE | |
| Carrier type term | volume |
| Source | rdacarrier |
| 490 1# - SERIES STATEMENT | |
| Series statement | Siri Kenali Sains |
| 500 ## - GENERAL NOTE | |
| General note | Includes index |
| 650 10 - SUBJECT ADDED ENTRY--TOPICAL TERM | |
| Topical term or geographic name entry element | Rocks |
| Form subdivision | Juvenile literature |
| Topical term or geographic name entry element | Mineralogy |
| Form subdivision | Juvenile literature |
| 700 0# - ADDED ENTRY--PERSONAL NAME | |
| Personal name | Ani Izzuani Mohd Kassim, |
| Relator term | translator. |
| Personal name | Nur Ain Hafiza Mat Jusoh, |
| Relator term | translator. |
| 830 #0 - SERIES ADDED ENTRY--UNIFORM TITLE | |
| Uniform title | Siri kenali sains |
| 942 ## - ADDED ENTRY ELEMENTS (KOHA) | |
| Source of classification or shelving scheme | Dewey Decimal Classification |
| Koha item type | Book |
| 949 ## - LOCAL PROCESSING INFORMATION (OCLC) | |
| 6 | 1001327135 |
| e | 2342449 |
| 6 | 1001327136 |
| e | 2342450 |
| 6 | 1001327137 |
| e | 2342451 |
| 6 | 1001327138 |
| e | 2342452 |
| 6 | 1001327139 |
| e | 2342453 |
| 6 | 1001327140 |
| e | 2342454 |
| 6 | 1001327141 |
| e | 2342455 |
| 6 | 1001327142 |
| e | 2342456 |
| 6 | 1001327143 |
| e | 2342457 |
| 6 | 1001327144 |
| e | 2342458 |
| 6 | 2000069437 |
| a | 552 GRE M |
| 6 | 2000069438 |
| a | 552 GRE M |
| Withdrawn | Not for loan | Current library | Shelving location | Date acquired | Full call number | Barcode | Date last seen | Koha item type | Total Checkouts | Checked out | Date last checked out |
|---|---|---|---|---|---|---|---|---|---|---|---|
| Not For Loan | Perpustakaan Alor Setar | Rujukan Kanak-kanak | 23/11/2016 | RK 500 GRE | A01500620 | 09/05/2018 | Book | ||||
| Perpustakaan Alor Setar | Pinjaman Kanak-kanak | 04/08/2019 | K 552 GRE | A01611103 | 14/12/2025 | Book | 11 | 04/01/2026 | 14/12/2025 |